MARC

LEADER 00000nam a2200000 a 4500
001 UCJ5350
003 CL-VaPUC
005 20230808091232.0
008 070124e18980000CL |||||||||||||||||spa|d
999 |c 321460  |d 321458 
040 |c Pontificia Universidad Católica de Valparaíso 
082 0 4 |a 983 AMU 1898  |2 21 
100 0 |a Amunátegui, Miguel Luis  |9 506140 
245 1 0 |a Ensayos biográficos 
260 0 3 |a Santiago, Chile  |b Imprenta Nacional  |c 1898 
300 |a 4 volúmenes. 
500 |a Los vols. 1, 2 y 4 se encuentran repetidos 
583 |a last modification  |c 20070124 00:00:00  |k Rodrigo Vera 
600 0 7 |a BORGOÑO, JOSE MANUEL  |2 CL-VaPUC  |9 509784 
600 0 7 |a PINCHEIRA, JOSE ANTONIO  |2 CL-VaPUC  |9 443678 
600 0 |a Domeyko, Ignacio  |9 326006 
600 0 7 |a BELLO, ANDRES  |2 CL-VaPUC  |9 510429 
600 0 |a Bilbao, Francisco,   |d 1823-1865   |9 315180 
600 0 7 |a BELLO, CARLOS  |2 CL-VaPUC  |9 508712 
600 0 7 |a BELLO, JUAN  |2 CL-VaPUC  |9 510430 
600 0 7 |a TOCORNAL I GREZ, MANUEL ANTONIO  |2 CL-VaPUC  |9 510431 
600 0 7 |a VALLEJO, JOSE JOAQUIN  |2 CL-VaPUC  |9 420325 
600 0 7 |a CARVALLO Y GOYENECHE, VICENTE  |2 CL-VaPUC  |9 510432 
600 0 |a Ercilla y Zúñiga, Alonso de   |e autor  |9 267605 
600 0 7 |a HURTADO DE MENDOZA, GARCIA  |2 CL-VaPUC  |9 396266 
600 0 7 |a CANO DE APONTE, GABRIEL  |2 CL-VaPUC  |9 510433 
600 0 7 |a RODRIGUEZ BALLESTEROS, JOSE  |2 CL-VaPUC  |9 507733 
600 0 7 |a PHILIPPI, RODULFO AMANDO  |2 CL-VaPUC  |9 505016 
600 0 7 |a TORRES, JOSE ANTONIO  |2 CL-VaPUC  |9 506014 
600 0 7 |a RODRIGUEZ, SIMON  |2 CL-VaPUC  |9 257389 
600 0 |a Núñez de Pineda y Bascuñán, Francisco,  |d 1607-1682  |9 318978 
600 0 7 |a VERA I PINTADO, BERNARDO  |2 CL-VaPUC  |9 509820 
600 0 7 |a INFANTE, JOSE MIGUEL  |2 CL-VaPUC  |9 443748 
650 0 |a Biografías  |9 255210 
650 0 |a Guerra de la independencia   |9 331979 
650 0 |a Historia de Chile  |9 265473 
942 |c BK  |2 ddc 
945 |d 20070124 00:00:00  |a rinostro 
952 |0 0  |1 0  |2 ddc  |4 0  |6 983_000000000000000_AMU_1898  |7 0  |8 X  |9 400207  |a FDOBUD  |b FDOBUD  |d 2019-11-22  |h v.1  |i 1029932  |o 983 AMU 1898  |p 1029932  |r 2019-11-22  |t 1  |w 2019-11-22  |y BK_X  |k BUD 
952 |0 0  |1 0  |2 ddc  |4 0  |6 983_000000000000000_AMU_1898  |7 0  |8 X  |9 400208  |a FDOBUD  |b FDOBUD  |d 2019-11-22  |h v.1  |i 1041460  |o 983 AMU 1898  |p 1041460  |r 2019-11-22  |t 2  |w 2019-11-22  |y BK_X  |k BUD 
952 |0 0  |1 0  |2 ddc  |4 0  |6 983_000000000000000_AMU_1898  |7 0  |8 X  |9 400209  |a FDOBUD  |b FDOBUD  |d 2019-11-22  |h v.2  |i 1029940  |o 983 AMU 1898  |p 1029940  |r 2019-11-22  |t 1  |w 2019-11-22  |y BK_X  |k BUD 
952 |0 0  |1 0  |2 ddc  |4 0  |6 983_000000000000000_AMU_1898  |7 0  |8 X  |9 400210  |a FDOBUD  |b FDOBUD  |d 2019-11-22  |h v.2  |i 1030035  |o 983 AMU 1898  |p 1030035  |r 2019-11-22  |t 2  |w 2019-11-22  |y BK_X  |k BUD 
952 |0 0  |1 0  |2 ddc  |4 0  |6 983_000000000000000_AMU_1898  |7 0  |8 X  |9 400211  |a FDOBUD  |b FDOBUD  |d 2019-11-22  |h v.3  |i 1029959  |o 983 AMU 1898  |p 1029959  |r 2019-11-22  |t 1  |w 2019-11-22  |y BK_X  |k BUD 
952 |0 0  |1 0  |2 ddc  |4 0  |6 983_000000000000000_AMU_1898  |7 0  |8 X  |9 400212  |a FDOBUD  |b FDOBUD  |d 2019-11-22  |h v.3  |i 1041738  |o 983 AMU 1898  |p 1041738  |r 2019-11-22  |t 2  |w 2019-11-22  |y BK_X  |k BUD 
952 |0 0  |1 0  |2 ddc  |4 0  |6 983_000000000000000_AMU_1898  |7 0  |8 X  |9 400213  |a FDOBUD  |b FDOBUD  |d 2019-11-22  |h v.4  |i 1029967  |o 983 AMU 1898  |p 1029967  |r 2019-11-22  |t 1  |w 2019-11-22  |y BK_X  |k BUD 
952 |0 0  |1 0  |2 ddc  |4 0  |6 983_000000000000000_AMU_1898  |7 0  |8 X  |9 400214  |a FDOBUD  |b FDOBUD  |d 2019-11-22  |h v.4  |i 1020560  |o 983 AMU 1898  |p 1020560  |r 2019-11-22  |t 2  |w 2019-11-22  |y BK_X  |k BUD